[Event "1st Irena Warakomska Memorial "]
[Site "Suwalki"]
[Date "2017.08.12"]
[Round "2"]
[White "Grib, Roman"]
[Black "Bartel, Mateusz"]
[Result "1-0"]
[WhiteElo "2427"]
[BlackElo "2608"]
[Annotator "TA"]
[PlyCount "121"]
[EventDate "2017.??.??"]
[EventCountry "POL"]
[SourceTitle "playchess.com"]
[Source "ChessBase"]
[SourceQuality "1"]

{[%evp 13,121,20,22,24,19,27,31,12,69,59,53,39,52,28,84,98,98,87,96,104,100,64,84,15,64,33,131,139,195,182,364,368,333,300,355,190,713,371,352,318,565,559,553,232,225,234,224,198,204,205,200,202,210,181,194,190,301,178,168,135,234,234,264,256,258,234,249,232,536,515,589,568,592,571,606,582,643,368,337,0,427,0,250,159,159,159,159,159,337,288,333,228,194,8,8,0,0,0,0,0,0,0,0,0,0,0,29975,29976,29974,29975]} 1. e4 c5 2. Nf3 Nc6 3. Bb5 e6 4. Bxc6 bxc6 5. d3 Ne7 6. h4 f6 {B30: Sicilian: 2...Nc6 3 Bb5, lines without ...g6} (6... d6 7. h5 e5 8. c3 Bg4 9. Nbd2 f5 10. Nf1 f4 11. g3 fxg3 12. fxg3 Ng8 13. Ne3 Be6 14. g4 {½-½ (68) Bosiocic,M (2591)-Yu,Y (2729) Doha 2016}) 7. Be3 d6 {LiveBook: 3 Games} 8. c3 Rb8 {White has an edge.} 9. Qc2 e5 10. d4 Ba6 (10... cxd4 $11 11. cxd4 exd4 12. Bxd4 Qa5+ 13. Nc3 Ng6) 11. dxe5 $146 ({Find the theoretical novelty and annotate with similar games:} 11. dxc5 d5 12. Nbd2 dxe4 13. Nxe4 Bd3 14. Qa4 Bxe4 15. Qxe4 Rxb2 {1-0 (23) Oratovsky,M (2465)-Whitehead,J (2410) North Bay 1998}) 11... fxe5 12. Na3 Nc8 13. Qa4 Bb5 (13... Bb7 $1 $11) 14. Nxb5 cxb5 15. Qb3 $36 {[%mdl 2048] White has strong initiative.} Qf6 16. a4 b4 17. Ng5 h6 18. Rh3 ({White should try} 18. O-O-O $1 $16) 18... Qe7 (18... hxg5 $2 19. hxg5 Rxh3 20. gxf6 $18) 19. Ne6 Rb7 (19... Kd7 $14 20. Nxf8+ Rxf8) 20. Qc4 $1 $16 bxc3 (20... Nb6 $16 {was necessary.} 21. Qb5+ Kf7) 21. bxc3 $18 Kd7 $2 (21... Nb6 22. Qb3 Na8) 22. Qd5 $1 {[%csl LRb7,LRc5]} Ke8 23. a5 {[%cal Ba4a5,Ba5a6][%mdl 32]} Rb8 24. Bxc5 (24. Rd1 $142) 24... dxc5 $2 (24... Kd7) 25. Rd1 Nd6 26. a6 ({Weaker is} 26. Nxc5 Rc8 $18) 26... Kd7 $2 (26... Rb6 27. Nxc5 Nc8) 27. Nxc5+ Kc8 28. Nb7 (28. c4 $142) 28... Rxb7 29. axb7+ Qxb7 30. Qe6+ (30. Qxe5 Qxe4+ 31. Re3 Qxe5 $14) 30... Kb8 31. Rxd6 Bxd6 32. Qxd6+ {[%mdl 4096] Endgame KQR-KQR} Ka8 33. Qd5 ({Don't do} 33. Qxe5 Rd8 $16) 33... Rc8 34. Rd3 a6 (34... Qxd5 $142 35. exd5 (35. Rxd5 Rxc3 36. Kd2 Rc7 $16) 35... Kb7) 35. Qxb7+ (35. Qxe5 $142 Qb1+ 36. Rd1) 35... Kxb7 {KR-KR} 36. Kd2 Kc6 (36... a5 $16 {was called for.} 37. Rd5 Ka6 38. Rd6+ (38. Rxe5 a4 $16) 38... Kb5) 37. Rd5 Re8 38. h5 Re6 39. g3 {[%cal Bg2g3,Bg3f4][%mdl 32]} Re7 40. Kd3 Re6 $2 (40... Rf7 41. Ke3 (41. Rxe5 Rxf2 42. Kc4 Kd7 $16) 41... Re7) 41. f4 exf4 42. gxf4 Re7 43. Kd4 Ra7 44. Rc5+ Kb6 45. Re5 Kc6 46. Rc5+ Kb6 47. Rd5 $2 (47. e5 $18) 47... a5 $2 (47... Kc6 $1 $11 {and Black stays safe.}) 48. Kd3 a4 {And now ...a3 would win.} 49. Kc2 $1 a3 50. Kb1 a2+ $2 (50... Rc7 $16) 51. Ka1 Kc6 52. Rd1 Ra4 53. Rg1 $2 (53. Rd4 $18 Ra3 54. Rd8) 53... Rxe4 $11 54. Rxg7 Re2 55. Ra7 Rc2 56. Ra6+ Kd7 57. Rxh6 {aiming for Rh8.} Rxc3 58. Rg6 Rf3 59. h6 {[%cal Bh5h6,Bh6h7][%mdl 32] Strongly threatening h7.} Rxf4 $2 {[%mdl 8192] [#]} (59... Ke7 $11) 60. h7 $1 Rh4 {[#]} 61. Ra6 $1 {Precision: White = 46%, Black = 49%.} 1-0

[Event "1st Irena Warakomska Memorial "]
[Site "Suwalki"]
[Date "2017.08.12"]
[Round "2"]
[White "Almasi, Istvan"]
[Black "Czarnota, Pawel"]
[Result "1-0"]
[WhiteElo "2408"]
[BlackElo "2577"]
[Annotator "TA"]
[PlyCount "103"]
[EventDate "2017.??.??"]
[EventCountry "POL"]
[SourceTitle "playchess.com"]
[Source "ChessBase"]
[SourceQuality "1"]

{[%evp 17,103,25,41,16,40,43,56,56,68,41,75,27,27,27,37,26,36,36,25,0,12,6,27,0,120,117,129,89,85,97,95,90,141,144,139,147,147,149,143,146,123,117,106,106,161,157,181,160,176,106,121,-110,113,111,115,110,144,137,297,288,290,272,397,288,247,286,254,260,273,24,53,24,24,24,24,24,25,25,29973,29974,29974,29975,29975,29976,29978,29979,29979,29980]} 1. d4 Nf6 2. c4 g6 3. Nc3 Bg7 4. e4 d6 5. Nf3 O-O 6. Be2 Na6 7. O-O e5 8. Be3 c6 9. dxe5 dxe5 10. c5 {E94: King's Indian: Classical: 6 Be2 e5 7 0-0: Various Black 7th moves} (10. Qxd8 Rxd8 11. Rfd1 Re8 12. h3 Bf8 13. Nd2 Nc5 14. b4 Ne6 15. c5 Nd4 16. Bd3 a5 17. a3 Rd8 18. Nc4 axb4 19. axb4 Rxa1 20. Rxa1 {½-½ (97) Grachev,B (2657)-Shimanov,A (2606) Kaliningrad 2015}) 10... Ng4 11. Bg5 f6 12. Bxa6 {White is slightly better.} bxa6 13. Bd2 {[#]} (13. Qb3+ {with more complications.} Kh8 14. Rad1 Qe7 15. Bc1 Qxc5 16. h3) 13... Nh6 $146 ({Predecessor:} 13... Qe8 14. Qe2 Rb8 15. h3 Nh6 16. Be3 Nf7 17. Nd2 Rxb2 {½-½ (46) Szymanski,M (2435)-Comas Fabrego,L (2513) Pardubice 2005}) 14. h3 Nf7 15. Qa4 Qc7 16. Nd1 {[%cal Bc3d1,Bd1e3,Be3c4][%mdl 32]} Qb7 17. Qc2 Be6 18. Ba5 Rab8 19. b4 f5 20. Ne3 {[%cal Re4f5]} f4 (20... fxe4 $1 $11 {remains equal.} 21. Nd2 Nh6) 21. Nc4 $16 Qe7 22. Rad1 g5 23. Nd6 h5 24. Nxf7 $1 Rxf7 (24... Bxf7 $142 25. Rd6 g4 26. hxg4 hxg4) 25. Rd6 g4 26. hxg4 hxg4 27. Rxe6 $1 Qxe6 28. Ng5 Qe7 29. Nxf7 Qxf7 30. Rd1 $1 Bf8 (30... Qh5 $16) 31. Qe2 $18 Qh5 32. Rd7 Kh8 33. Qd1 ({Resist} 33. Qxa6 $6 g3 $16) (33. Rxa7 Qh4 $16) ({White should play} 33. Qc4 $18) 33... f3 {aiming for ...fxg2.} 34. Rd3 $2 ({Don't blunder} 34. Rxa7 $2 fxg2 35. Kxg2 Bxc5 $1 $19 {[%mdl 512]}) (34. Qf1 $16 {and life is bright.}) 34... Be7 $2 (34... Rb7 $1 $17 {[%cal Rb7h7] keeps the pressure on.} 35. gxf3 Rh7) 35. gxf3 $16 Rg8 {( -> ...gxf3+)} 36. f4 $1 $36 {[%mdl 2048] Bd8 is the strong threat. White is on the roll.} exf4 37. Bd8 $1 {[%cal Rd8e7]} Bxd8 $2 (37... Qg5 $16 38. Bxe7 Qxe7) 38. Rxd8 {[%mdl 4096] Endgame Strongly threatening Qd4+. KQR-KQR} Qg5 39. Qd4+ Kh7 (39... Qg7 $142 40. Kg2 Qxd4 41. Rxd4 Re8) 40. Rd7+ Rg7 41. Rxg7+ Qxg7 $18 {KQ-KQ} 42. e5 f3 43. Qe4+ $2 (43. Kh2 $18) 43... Qg6 $11 44. Qxg6+ (44. Qf4 {is more complex.} a5 45. a3 axb4 46. axb4 a6 47. Qd4) 44... Kxg6 $14 {KP-KP} 45. Kh2 {Black must now prevent Kg3.} Kf5 46. Kg3 {Threatens to win with e6!} a5 47. bxa5 {And now e6! would win.} a6 $2 {[%mdl 8192] [#]} (47... Kxe5 $11 48. Kxg4 Ke4) 48. e6 $1 {[%mdl 512] White mates.} Kxe6 49. Kxg4 Kd5 50. Kxf3 Kxc5 {[#]} 51. Ke4 $1 Kd6 {[#]} 52. Kd4 $1 {Precision: White = 57%, Black = 41%.} 1-0

[Event "1st Irena Warakomska Memorial "]
[Site "Suwalki"]
[Date "2017.08.12"]
[Round "2"]
[White "Czerwonski, Aleksander"]
[Black "Markowski, Tomasz"]
[Result "1-0"]
[WhiteElo "2392"]
[BlackElo "2552"]
[Annotator "TA"]
[PlyCount "123"]
[EventDate "2017.??.??"]
[EventCountry "POL"]
[SourceTitle "playchess.com"]
[Source "ChessBase"]
[SourceQuality "1"]

{[%evp 16,123,29,-20,-16,-22,-26,-23,-17,-25,-20,-45,-20,-25,-30,-25,-26,-63,-18,-49,-43,-96,-77,-195,-203,-186,-43,-64,-60,-159,-50,-52,-34,-34,-19,-20,-20,-37,-12,-17,0,-3,0,0,39,38,39,37,36,39,42,39,63,66,64,66,81,66,88,54,90,91,97,93,89,85,126,141,170,88,145,0,149,0,142,152,160,150,229,218,215,116,99,62,73,73,71,71,71,73,72,59,12837,12838,12836,12837,12842,12843,12843,12843,12850,29976,12851,29979,12851,29981,29981,29982,29983,29984]} 1. d4 Nf6 2. c4 e6 3. Nc3 Bb4 4. e3 O-O 5. Bd3 b6 6. Nf3 Bb7 7. O-O Bxc3 8. bxc3 d6 9. Qc2 {LiveBook: 12 Games} Bxf3 {E43: Nimzo-Indian: Rubinstein: 4...b6} (9... Nbd7 10. e4 e5 11. Re1 Re8 12. Nd2 Nf8 13. f3 h5 14. Nf1 Ne6 15. Qf2 Nd7 16. Ng3 Qh4 17. Be3 Ndf8 18. Qd2 g6 19. Ne2 Qe7 {1-0 (47) Maze,S (2562)-Ikonnikov,V (2525) Germany 2012}) 10. gxf3 c5 11. Kh1 Nc6 {Black has an edge.} 12. Qe2 $146 ({Predecessor:} 12. Rg1 Qd7 13. Bd2 Ne7 14. Rg3 g6 15. Rag1 e5 16. Bc1 Rad8 17. Bf1 {½-½ (46) Mori,A (2399)-Wojcik,W (2280) ICCF email 2007}) 12... Rc8 13. Bd2 cxd4 14. cxd4 e5 15. Bf5 Rc7 16. Qd3 Qa8 17. Rg1 Ne7 18. Rg3 (18. e4 $15) 18... g6 $17 19. Bc3 (19. Bb4 $17 Rd8 20. Be4) 19... Nh5 $19 ({Less strong is} 19... Nxf5 20. Qxf5 Rxc4 21. dxe5 $15) 20. Rg2 Qc6 ({And not} 20... Qxf3 21. Be4 $11) (20... Nxf5 $19 21. Qxf5 Ng7) 21. dxe5 Qxc4 22. Bd4 {[#]} (22. Bb2 $15 Nxf5 23. Qxf5) 22... d5 ({Don't do} 22... Nxf5 23. Qxf5 Ng7 24. Qf6 $15) ({Black should try} 22... Nf4 $1 $17 {[%cal Rf4d3][%mdl 512]} 23. exf4 Nxf5 24. Qxf5 Qxd4) 23. Qxc4 $15 dxc4 24. Be4 Ng7 (24... f5 $5 {[%cal Rf5e4]} 25. exf6 Nxf6 $11) 25. Rgg1 Ne6 26. Rgd1 c3 27. Rac1 Rfc8 28. Rd3 $1 {[%cal Rd3c3]} c2 29. Rd2 {[%cal Rc1c2]} Ng5 (29... Rd8 {is interesting.} 30. Kg2 Kf8 31. Rcxc2 Rxc2 32. Rxc2 Nxd4 33. exd4 Rxd4 34. Rc7 Ra4) 30. Rdxc2 Rxc2 31. Rxc2 Rxc2 32. Bxc2 Nxf3 $14 {[%mdl 4096] Endgame KBB-KNN} 33. Be4 Nd2 34. Bb7 Kf8 35. Kg2 Ke8 36. f3 Nc4 37. Kf2 Kd7 38. Ba6 Na5 39. Bc3 Nec6 40. e4 g5 41. Kg3 $1 Ke6 42. Bc8+ Ke7 43. Ba6 Ke6 $1 44. Bc8+ Ke7 45. Kg4 Nc4 46. Kxg5 N4xe5 (46... N6xe5 $16 47. f4 Nd7) 47. f4 $1 $18 {[%cal Rf4e5]} Nf3+ 48. Kg4 (48. Kh6 $1 $18) 48... Nfd4 $16 49. Kh5 Nb5 {[#]} 50. Bb2 $1 Nb4 51. Kh6 Nd6 52. Ba3 a5 {[#]} 53. Bf5 $1 {[%cal Rf5h7]} Nxf5+ $2 {[%mdl 8192]} (53... Nb5 $14 54. Bxb4+ axb4) 54. exf5 $18 Kf6 55. Bxb4 $1 axb4 56. Kxh7 Kxf5 57. Kg7 Kxf4 58. Kxf7 {KPP-KPP} Kg4 59. Ke6 Kh3 60. Kd5 Kxh2 61. Kc4 Kg3 62. Kxb4 {Precision: White = 57%, Black = 37%.} 1-0

[Event "1st Irena Warakomska Memorial "]
[Site "Suwalki"]
[Date "2017.08.12"]
[Round "2"]
[White "Teclaf, Pawel"]
[Black "Warakomski, Tomasz"]
[Result "1/2-1/2"]
[WhiteElo "2373"]
[BlackElo "2536"]
[Annotator "TA"]
[PlyCount "82"]
[EventDate "2017.??.??"]
[EventCountry "POL"]
[SourceTitle "playchess.com"]
[Source "ChessBase"]
[SourceQuality "1"]

{[%evp 22,82,14,19,7,-47,-44,-44,-46,-55,-58,-60,-60,-55,-55,-54,-44,-63,-73,-89,-66,-67,-46,-54,-45,-89,-83,-81,-83,-81,-76,-83,-83,-92,-102,-94,-95,-102,-103,-103,-63,-113,0,0,0,0,0,0,0,0,0,0,0,0,0,0,0,0,0,0,0,0,0]} 1. e4 c5 2. Nf3 e6 3. d4 cxd4 4. Nxd4 a6 5. Bd3 Nc6 6. Nxc6 dxc6 7. Nd2 Qc7 8. O-O {B42: Sicilian: Kan Variation: 5 Bd3} (8. Qf3 b5 9. a4 Bb7 10. O-O Bd6 11. Qg4 h5 12. Qxg7 Bxh2+ 13. Kh1 Be5 14. Qg5 Bf4 15. Qh4 Ne7 {1-0 (29) Kurnosov,I (2649)-Miezis,N (2556) Nakhchivan 2013}) 8... Nf6 9. f4 e5 10. Nc4 Ng4 11. Kh1 Bc5 12. Qf3 {LiveBook: 12 Games} Be6 13. Nxe5 $146 (13. f5 $11 Bxc4 14. Qxg4 (14. Bxc4 h5 $11) 14... Bxd3 15. Qxg7) ({Predecessor:} 13. Bd2 h5 14. b4 Bd4 {0-1 (27) Shevchenko,K (2306)-Shkuran,D (2386) Lvov 2015}) 13... Nxe5 $15 14. fxe5 Bd4 15. Qg3 Bxe5 16. Bf4 Bxf4 17. Qxf4 Qxf4 18. Rxf4 Ke7 19. e5 Rad8 20. a4 a5 21. Raf1 Rd7 22. Kg1 h6 23. Kf2 Rhd8 24. Ke3 Rd5 25. Re4 b5 {[%cal Bb7b5,Bb5b4][%mdl 32]} 26. g4 Rc5 27. Ra1 {With the idea axb5.} b4 28. Re1 g5 29. Re2 Rh8 30. h4 h5 ({But not} 30... gxh4 $6 31. Rh2 $11) 31. gxh5 g4 ({Black should try} 31... gxh4 $17 32. Rxh4 Rxe5+ 33. Kf3 Rexh5 34. Rxh5 Rxh5) 32. Kf4 $11 {The position is equal.} Rxh5 33. Kg3 Rh8 34. Rd4 Rh5 35. Rde4 $1 Kf8 36. R4e3 Kg7 37. Re4 Rh8 38. Rd4 Rh5 39. Rde4 $1 Kg8 40. R4e3 Kf8 41. Re4 Ke7 {Precision: White = 65%, Black = 72%.} 1/2-1/2

[Event "1st Irena Warakomska Memorial "]
[Site "Suwalki"]
[Date "2017.08.12"]
[Round "2"]
[White "Zylka, Stanislaw"]
[Black "Kanarek, Marcel"]
[Result "0-1"]
[WhiteElo "2368"]
[BlackElo "2530"]
[Annotator "TA"]
[PlyCount "88"]
[EventDate "2017.??.??"]
[EventCountry "POL"]
[SourceTitle "playchess.com"]
[Source "ChessBase"]
[SourceQuality "1"]

{[%evp 24,88,0,0,27,0,0,0,12,0,0,-34,-34,-35,-37,-36,18,0,22,-15,0,-35,-29,-67,-52,-96,-93,-77,-79,-108,-72,-78,-70,-83,-66,-109,-132,-115,-81,-112,-106,-118,0,0,0,0,80,109,125,17,44,-1871,-1838,-1659,-1539,-1846,-1576,-29984,-29985,-29995,-29992,-29996,-29997,-29997,-29998,-29998,-29999]} 1. c4 Nf6 2. Nf3 g6 3. Nc3 Bg7 4. g3 O-O 5. Bg2 d6 6. O-O c5 7. d4 Nc6 8. d5 Na5 9. Nd2 a6 10. Qc2 Rb8 11. Rb1 b5 12. b3 e5 13. e4 {LiveBook: 8 Games. E66: King's Indian: Fianchetto: 6...c5 7 0-0 Nc6 8 d5} Bh6 {[#]} 14. Qd3 $146 {[%cal Rc4b5]} ({Predecessor:} 14. cxb5 axb5 15. b4 cxb4 16. Rxb4 Ba6 17. Nb3 Bxc1 18. Rxc1 Nd7 19. Bf1 Nc5 20. Nxa5 Qxa5 {½-½ (31) Vladimirov,Y (2612)-Al Modiahki,M (2492) Kolkata 2001}) 14... Bd7 15. Rd1 {The position is equal.} bxc4 16. bxc4 (16. Nxc4 $5 {[%cal Rc1h6]} Bxc1 17. Nxa5 Qxa5 18. Rbxc1 $11) 16... Rb4 17. a3 Rxb1 18. Ncxb1 Qb6 19. Nc3 Nh5 (19... Qc7 $15) 20. Bf3 (20. Nf1 $5 {[%cal Rc1h6]} Bg7 21. Bg5 $11) 20... Ng7 21. Kg2 (21. Nf1 $5 {[%cal Rc1h6]} Bxc1 22. Rxc1 $11) 21... f5 {[%cal Bf7f5,Bf5f4][%mdl 32]} 22. Be2 f4 23. f3 Bg5 24. g4 h5 25. h3 Bh4 26. Rh1 Rb8 27. Bd1 Qd8 28. Bc2 Qg5 29. Ne2 Rf8 30. Kf1 Nb7 31. Qb3 Nd8 32. Qb6 hxg4 ({Black should try} 32... Nf7 $17 {[%cal Rh5g4]} 33. Rg1 Bc8) 33. hxg4 $11 Bxg4 34. Qxd6 {[#] And now Ba4 would win.} (34. fxg4 f3 $19) 34... Nf7 (34... Nb7 $1 $11 35. Qxa6 Nd8) 35. Qxc5 Nh5 36. fxg4 (36. Bd1 $16) 36... Qxg4 {Hoping for ...f3.} 37. Qg1 $2 {[%mdl 8192] [#]} (37. Rxh4 $14 Qxh4 38. Qf2 Ng3+ 39. Ke1) 37... Ng3+ $1 $19 38. Nxg3 fxg3 39. Qg2 Ng5+ 40. Kg1 Rf2 {Black mates.} 41. Bd3 Qd1+ 42. Qf1 Qxd2 {[%cal Rg5f3]} 43. Rxh4 Rxf1+ 44. Bxf1 Qf2+ {Precision: White = 24%, Black = 53%.} 0-1

[Event "1st Irena Warakomska Memorial "]
[Site "Suwalki"]
[Date "2017.08.12"]
[Round "2"]
[White "Kulon, Klaudia"]
[Black "Ulybin, Mikhail"]
[Result "1/2-1/2"]
[WhiteElo "2359"]
[BlackElo "2518"]
[Annotator "TA"]
[PlyCount "216"]
[EventDate "2017.??.??"]
[EventCountry "POL"]
[SourceTitle "playchess.com"]
[Source "ChessBase"]
[SourceQuality "1"]

{[%evp 23,216,35,37,0,6,14,13,8,18,-26,-29,-30,-21,-49,-47,-37,-35,-94,18,15,16,7,85,83,79,90,322,0,0,-232,-68,-68,-68,-68,-76,-74,-64,-73,-63,-48,-53,-57,-57,-65,0,-123,-97,-95,-83,-83,-77,-99,-91,-106,-104,-93,-68,-68,-68,-79,-68,-68,-68,-68,-68,-68,0,-54,-54,-54,-54,-54,-54,-54,-54,-54,-54,-54,-54,-54,-54,-54,-54,-54,-54,-54,-54,-90,-54,-54,-53,-53,0,0,0,0,0,0,0,0,0,0,0,0,0,0,0,0,0,0,0,0,0,0,0,0,0,0,0,0,0,0,0,0,0,0,0,0,0,0,0,0,0,0,0,0,0,0,0,0,0,0,0,0,0,0,0,0,0,0,0,0,0,0,0,0,0,0,0,0,0,0,0,0,0,0,0,0,0,0,0,0,0,0,0,0,0,0,0,0,0,0,0,0,0,0,0,0,0,0,0,0,0,0,0]} 1. e4 e6 2. d4 d5 3. e5 c5 4. c3 Nc6 5. Nf3 Bd7 6. Be2 Nge7 7. O-O Nf5 8. dxc5 Bxc5 9. Bd3 {C02: French: Advance Variation} Nh4 10. Nbd2 Ng6 11. Nb3 Bb6 12. Re1 O-O {LiveBook: 3 Games} 13. Bg5 f6 14. exf6 gxf6 15. Bh6 Rf7 16. c4 dxc4 17. Bxc4 {[#]} Nce5 $146 18. Nxe5 fxe5 19. Be3 Qh4 (19... Bxe3 $6 20. Rxe3 Qh4 21. Qc2 $11) 20. Bf1 (20. Nd2 $15) 20... Nf4 (20... Bc6 $17 21. Bxb6 axb6) 21. Bxb6 $1 $11 Nh3+ 22. gxh3 Rg7+ (22... Bc6 $1 $11 {keeps the balance.} 23. Bg2 (23. Qg4+ Rg7 $17) 23... Rg7) 23. Kh1 $16 Bc6+ 24. f3 e4 $2 (24... Qxe1 $16 25. Qxe1 Bxf3+ 26. Bg2 Rxg2) 25. Na5 $2 (25. Bb5 $18 Bxb5 26. Bd4) 25... axb6 $11 26. Qd4 $2 (26. Nxc6 $2 Qf2 $19) (26. Bd3 $1 $11 {and White stays safe.} Rxa5 27. Bxe4 Qxh3 28. Qd8+ Kf7 29. Qc7+ Kg8 30. Qb8+ Kf7 31. Qc7+ Kg8 32. Qb8+ Kf7 33. Qc7+) 26... exf3 $2 (26... bxa5 27. fxe4 Qg5 28. Re2 $11) (26... Rxa5 $19 27. fxe4 Qg5) 27. Nxc6 $15 (27. Qxh4 $2 f2+ 28. Nxc6 Rg1#) 27... f2 $1 $36 {[%csl Gf2][%cal Rg7g1][%mdl 2048] [#] Black is more active.} 28. Ne7+ $1 (28. Qxh4 $2 {gets mated.} Rg1#) 28... Kf7 {[%csl Gf2][%cal Rg7g1]} 29. Qxg7+ (29. Qxh4 $2 {leads to mate.} Rg1#) 29... Kxg7 30. Rxe6 {[#]} Rf8 $1 {[%cal Rf8f7]} 31. Rd1 Rf7 32. Re3 $1 Rxe7 33. Rg3+ Kf6 (33... Kf8 $1 $15 34. Rd8+ Re8 35. Rf3+ Ke7) 34. Rdd3 (34. Rf3+ $1 $11 Kg7 35. Rg3+ Kf6 36. Rf3+ Kg7 37. Rg3+) 34... Re5 35. Kg2 Rf5 36. Rg4 Qh5 37. Rb3 b5 38. a4 Qe8 39. axb5 h5 40. Rgg3 Qe4+ 41. Rgf3 $1 Ke5 42. Rbe3 Rxf3 43. Rxf3 {[%mdl 4096] Endgame KQ-KRB} Qg6+ 44. Rg3 Qe4+ 45. Rf3 h4 46. b3 Qg6+ 47. Kxf2 Qc2+ 48. Be2 Qc5+ {[%mdl 1024] Black has compensation.} 49. Kg2 Kd4 50. Rd3+ Ke4 $1 51. Rf3 b6 52. Bd3+ Kd4 53. Be2 Qg5+ 54. Kf2 Qe5 55. Ke1 Qxh2 56. Kd2 Qg2 57. Rd3+ Kc5 (57... Ke5 $15) 58. b4+ $1 $11 {The position is equal.} Kxb4 59. Rf3 Kc5 60. Rc3+ Kd4 61. Rc4+ Kd5 62. Rc3 $1 Qg5+ 63. Kc2 Ke4 64. Bf3+ Kd4 ({Don't take} 64... Kf4 65. Bc6 $17) 65. Rd3+ Kc4 {Strongly threatening ...Qe5.} 66. Be2 $1 {Threatening mate with Rg3+.} Qf5 67. Kd2 $1 {Intending Rf3+ and mate.} Qf4+ 68. Kc2 {White threatens Rf3+ and mate.} Qh2 69. Re3+ Kd4 70. Rd3+ $1 Kc5 71. Rc3+ Kb4 72. Rb3+ (72. Kd2 {is interesting.} Ka5 73. Ra3+ Kb4 74. Re3 Ka5 75. Ra3+) 72... Ka4 73. Re3 Qf2 (73... Qg1 $5 {[%cal Rg1e3]} 74. Rf3 Qe1 $19) 74. Kd2 Qf4 75. Bd3 $1 Kb3 76. Be2+ Kb4 77. Bd3 $1 Kc5 {( -> ...Kd4)} 78. Ke2 Kd4 79. Rf3 $1 {[%cal Rf3f4]} Qh2+ (79... Qc1 {feels hotter.} 80. Kf2 Qc5 81. Be2 Qc1 82. Kg2 Qc5) 80. Ke1 Qh1+ 81. Kf2 Qh2+ 82. Ke1 $1 Qg1+ 83. Bf1 Ke4 84. Rb3 Kf4 85. Rd3 Qc5 86. Be2 Ke4 87. Kd2 Qb4+ 88. Kd1 Qa5 89. Rf3 Qa1+ 90. Kd2 $1 Qb2+ 91. Kd1 Qd4+ 92. Ke1 Qg1+ 93. Kd2 Qg5+ 94. Kd1 Kd4 {aiming for ...Ke4.} 95. Rd3+ Kc5 96. Rc3+ Kb4 97. Rf3 (97. Kc2 {is more complex.} Ka4 98. Rf3 Ka5 99. Ra3+ Kb4 100. Rb3+) 97... Qd5+ 98. Ke1 Qd4 {Threatens to win with ...Qe5.} 99. Kf1 Qe4 100. Kf2 Qe5 {Hoping for ...Qg5.} 101. Ke1 Qg5 {White must now prevent ...Kc5.} 102. Kd1 Qg2 {...Qg1+ is the strong threat.} 103. Kd2 Qg1 {And now ...Qg5+ would win.} 104. Kc2 Qe1 105. Rb3+ Kc5 106. Rc3+ Kd4 (106... Kd6 $5 {[%cal Re1e2]} 107. Bf3 Ke5 $19) 107. Rd3+ Ke4 (107... Ke5 $5 {[%cal Re1e2]} 108. Bg4 Qf2+ $19) 108. Bf3+ Kf4 {Precision: White = 77%, Black = 61%.} 1/2-1/2

[Event "1st Irena Warakomska Memorial "]
[Site "Suwalki"]
[Date "2017.08.12"]
[Round "2"]
[White "Bednarek, Sylwester"]
[Black "Jakubowski, Krzysztof"]
[Result "0-1"]
[WhiteElo "2308"]
[BlackElo "2515"]
[Annotator "TA"]
[PlyCount "90"]
[EventDate "2017.??.??"]
[EventCountry "POL"]
[SourceTitle "playchess.com"]
[Source "ChessBase"]
[SourceQuality "1"]

{[%evp 11,90,1,13,8,0,-21,-25,-20,-18,-24,-11,-35,0,0,0,0,14,6,10,0,0,0,0,0,29,26,41,33,39,38,77,74,74,23,38,24,93,97,138,125,143,112,133,120,119,0,0,-38,-38,-251,-244,-241,-250,-236,-155,-155,-158,-178,-185,-238,-247,-218,-96,-324,-327,-352,-351,-337,-281,-324,-138,-756,-733,-670,-647,-820,-820,-814,-790,-1156,-1122]} 1. d4 d5 2. g3 c6 3. Bg2 Bf5 4. Nf3 h6 (4... e6 5. O-O Nd7 6. c4 Ngf6 7. Nc3 h6 8. Nd2 Be7 9. e4 dxe4 10. Ndxe4 O-O 11. f3 b5 12. c5 Bxe4 13. fxe4 e5 14. Nxb5 cxb5 15. c6 exd4 16. cxd7 Nxd7 17. a4 bxa4 18. Rxa4 Ne5 {½-½ (29) Adly,A (2596)-Ivanchuk,V (2726) Baku 2015}) 5. O-O e6 6. c4 {D02: 1 d4 d5 2 Nf3 sidelines, including 2...Nf6 3 g3 and 2...Nf6 3 Bf4} Nd7 {LiveBook: 6 Games} 7. Qb3 Qb6 8. c5 {The position is equal.} (8. Nc3 {keeps more tension.} Ngf6 9. c5 Qa6 10. Nd2 b6 11. e4) 8... Qxb3 9. axb3 g5 $146 ({Find the theoretical novelty and annotate with similar games:} 9... a6 10. b4 Ngf6 11. Nc3 Rc8 12. Nd2 {0-1 (46) Kalka,A (2320)-Keitlinghaus,L (2500) Dortmund 1998}) 10. Nc3 a6 11. h4 f6 12. Re1 Ne7 13. e4 $36 {[%mdl 2048] White has the initiative.} dxe4 14. Nxe4 {Hoping for Nd6+.} Nd5 15. hxg5 hxg5 16. Bd2 g4 17. Nh4 Bh7 (17... Bxe4 $5 18. Bxe4 (18. Rxe4 Kf7 $15) 18... Kf7 $14) 18. Nd6+ Bxd6 $1 19. Rxe6+ Be7 {Strongly threatening ...Kf7.} 20. Rae1 Nf8 21. Bxd5 $1 Nxe6 22. Bxe6 Rd8 23. Bc3 Kf8 (23... Bg8 $1 $11) 24. Bxg4 $16 Rg8 25. Be6 Rg5 26. b4 f5 27. Nf3 Rg4 28. Bd2 ({Better is} 28. Kg2 $16) 28... Re4 $11 29. Kf1 Bf6 30. Bf4 $2 {[#]} (30. Ba2 $15) 30... Rxe1+ $1 $19 31. Nxe1 Rxd4 32. Nc2 Rd1+ 33. Ke2 Rb1 34. Bc8 Rxb2 35. Kd3 (35. Kd1 $142) 35... Rb3+ 36. Ke2 {[#]} Bg6 (36... Bg8 $1 $19 {[%cal Rg8c4] and Black stays clearly on top. White must now prevent ...Bc4+.} 37. Bxf5 Bc4+ 38. Kd1 Kf7) 37. f3 $2 (37. Bxb7 $17 {was worth a try.} Bh5+ 38. Kd2) 37... Bh5 38. Be3 {[#]} f4 $1 39. gxf4 (39. Bxf4 Bxf3+) 39... Rb2 40. Kd3 Bxf3 (40... Ke7 $19 41. Bg4 Bg6+ 42. f5 Rb3+ 43. Kd2 Bf7) 41. Bxb7 $2 {[%mdl 8192]} (41. Bd4 $17 Be2+ 42. Kxe2 Bxd4 43. Kd3) 41... Rb3+ {Black is clearly winning.} 42. Kd2 Be4 43. Bd4 Bxd4 44. Nxd4 Rd3+ 45. Ke2 Rxd4 {Precision: White = 35%, Black = 47%.} 0-1